000 00712njm a2200277 c 4500
003 BLK
005 20240521151939.0
008 180410b bul||n||s|||||||| n|bulo|
010 _aCDD00003723000
040 _aBLK
041 _aBUL
_cENG
139 _aCole, Natalie
_bC 69
245 1 0 _aStill inforgettable [аудио CD]
_cизп. Natalie Cole.
257 _aBGR
260 _c2008
380 _a7
590 _aS.N: 93069 от КНИГИ
700 1 _aCole, Natalie
_eизп.
_9354526
852 _aЦб CD 2349
_p0
856 4 _qpdf
_u
856 4 _qpdf
_u
942 _cCDD
_n0
944 _aCR
_c15.12.2009
_k30570
_lМоника Янева
944 _aED
_c15.12.2009
999 _c221222
_d221222
999 _d221222